Steady-state, zero growth and the academic library: a collection of essays (Record no. 389)

MARC details
000 -LEADER
fixed length control field 00540nam a2200181Ia 4500
020 ## - INTERNATIONAL STANDARD BOOK NUMBER
ISBN 0-208-01680-5
082 ## - DEWEY DECIMAL CLASSIFICATION NUMBER
Classification number 025.1 STE;
245 #0 - TITLE STATEMENT
Title Steady-state, zero growth and the academic library: a collection of essays
260 ## - PUBLICATION, DISTRIBUTION, ETC. (IMPRINT)
Place of publication London
Name of publisher Clive Bingley
Year of publication 1978
300 ## - PHYSICAL DESCRIPTION
Number of Pages 148p.
650 ## - SUBJECT ADDED ENTRY--TOPICAL TERM
Topical Term Academic libraries - Economic aspects
650 ## - SUBJECT ADDED ENTRY--TOPICAL TERM
Topical Term Academic libraries - Administration
650 ## - SUBJECT ADDED ENTRY--TOPICAL TERM
Topical Term Stagnation (Economics)
650 ## - SUBJECT ADDED ENTRY--TOPICAL TERM
Topical Term Steady-state (Economics)
650 ## - SUBJECT ADDED ENTRY--TOPICAL TERM
Topical Term Lectures and lecturing
700 ## - ADDED ENTRY--PERSONAL NAME
Personal name Steele, Colin
942 ## - ADDED ENTRY ELEMENTS (KOHA)
Koha item type Books
Holdings
Withdrawn status Lost status Damaged status Not for loan Home library Current library Date acquired Full call number Accession Number Price effective from Koha item type
        NASSDOC Library NASSDOC Library 08/06/2004 025.1 STE; 11381 18/04/2019 Books